000 00545nam a22001817a 4500
005 20251108164023.0
008 250721s1994 xx 000 0 ara d
082 1 4 _a001.6424/محم
100 1 _aالحاج حسن، محمد مصطفى
245 1 0 _aأساسيات علم الحاسوب و البرمجة بلغة كويك بيسك /
264 1 _aعمان :
_bدار حنين،
_c1994.
300 _a405ص.
650 1 7 _aالحواسيب
650 1 7 _aبيسيك
650 1 7 _aلغات البرمجة
942 _2ddc
_cBK
999 _c1600
_d1600